000 00539nam a2200181Ia 4500
003 GCL
008 140319s9999 xx 000 0 eng d
040 _aGCL /
_cGCL
082 0 4 _aCC
_b305.420962
_bB F
100 1 _aBADRAN, MARGOT
245 1 0 _aFEMINISTS ISLAM AND NATION: GENDER AND THE MAKING OF MODERN EGYPT /
_cBADRAN, MARGOT
260 _a[S.N] :
_bPRINCETON UNIVERSITY PRESS ،
_c1995
300 _a352 P
650 0 4 _aMUSLIM WOMEN - EGYPT
650 0 4 _aEGYPT - WOMEN
650 0 4 _aFEMINISM - EGYPT - HISTORY
942 _2ddc
_cBK
999 _c11740
_d11740